[Event "Oberliga Baden 2223"]
[Site "Germany"]
[Date "2023.04.23"]
[Round "9.8"]
[White "Schneider, Bernd"]
[Black "Weiss, David"]
[Result "1-0"]
[WhiteElo "2339"]
[BlackElo "1633"]
[PlyCount "125"]
[EventDate "2022.09.18"]
[EventType "team-tourn"]
[EventRounds "9"]
[EventCountry "GER"]
[SourceTitle "EXT 2024"]
[Source "ChessBase"]
[SourceDate "2023.10.10"]
[SourceVersion "1"]
[SourceVersionDate "2023.10.10"]
[SourceQuality "1"]
[WhiteTeam "Untergrombach"]
[BlackTeam "Brombach"]
[WhiteTeamCountry "GER"]
[BlackTeamCountry "GER"]

1. e4 c5 2. Nf3 Nc6 3. d4 cxd4 4. Nxd4 Nf6 5. Nc3 e5 6. Ndb5 d6 7. Bg5 a6 8. Bxf6 gxf6 9. Na3 b5 10. Nd5 Bg7 11. g3 f5 12. Bg2 fxe4 13. Bxe4 0-0 14. c3 Rb8 15. Nc2 f5 16. Bg2 e4 17. 0-0 Kh8 18. f4 a5 19. a3 Be6 20. Kh1 Qd7 21. Qd2 Qf7 22. Rfd1 Rfd8 23. Nce3 Ne7 24. Nxe7 Qxe7 25. Nd5 Qf7 26. Rac1 Rdc8 27. Ne3 Bb3 28. Re1 d5 29. Bh3 Qh5 30. Bxf5 Rd8 31. Bg4 Qg6 32. Qe2 b4 33. axb4 axb4 34. Bf5 Qh6 35. Qg2 Rb6 36. Bh3 Rc6 37. Nf5 Qh5 38. g4 Qf7 39. Qd2 bxc3 40. bxc3 Rdc8 41. Re3 Ra6 42. Qb2 Rb8 43. Ra1 Rab6 44. Qa3 Bf8 45. Qc1 Bc5 46. Re1 Bc4 47. Bf1 Bxf1 48. Rxf1 Qe6 49. Ra5 Rc6 50. Qd1 e3 51. Ng3 Re8 52. Qd3 d4 53. cxd4 Qd5+ 54. Kg1 Qxd4 55. Qxd4+ Bxd4 56. Ne2 Bb6 57. Ra6 Kg7 58. Kg2 Rc2 59. Kf3 Bc5 60. Rc1 Rxc1 61. Nxc1 Rd8 62. Rc6 Bd4 63. Ne2 1-0

[Event "GER-chT U16"]
[Site "Kiel"]
[Date "2022.07.26"]
[Round "7.3"]
[White "Berresheim, Nils"]
[Black "Weiss, David"]
[Result "0-1"]
[WhiteElo "1730"]
[BlackElo "1759"]
[PlyCount "84"]
[EventDate "2022.07.22"]
[EventType "team-swiss"]
[EventRounds "7"]
[EventCountry "GER"]
[SourceTitle "CBM 209 Extra"]
[Source "ChessBase"]
[SourceDate "2022.09.30"]
[SourceVersion "1"]
[SourceVersionDate "2022.09.30"]
[SourceQuality "1"]
[WhiteTeam "Essen Katernberg"]
[BlackTeam "Brombach"]
[WhiteTeamCountry "GER"]
[BlackTeamCountry "GER"]

1. d4 Nf6 2. c4 c5 3. e3 g6 4. Nf3 Bg7 5. Nc3 0-0 6. d5 e6 7. Be2 exd5 8. cxd5 Re8 9. Nd2 a6 10. a4 d6 11. Qc2 Nbd7 12. Nc4 Nb6 13. Nxb6 Qxb6 14. 0-0 Bf5 15. Bd3 Bxd3 16. Qxd3 Nd7 17. f4 Rac8 18. Qc4 Qb4 19. Qe2 c4 20. f5 Nc5 21. f6 Bh8 22. e4 Nb3 23. Rb1 Nxc1 24. Rbxc1 b5 25. axb5 axb5 26. Rf3 Re5 27. Rcf1 Rce8 28. Qd2 Qc5+ 29. Kh1 b4 30. Rh3 h5 31. g4 bxc3 32. Qh6 Qd4 33. gxh5 Qxe4+ 34. Kg1 Qd4+ 35. Kh1 Qxd5+ 36. Kg1 Rxh5 37. Rxh5 Qxh5 38. Qf4 Qc5+ 39. Kh1 cxb2 40. Qg4 Qd5+ 41. Kg1 Qe4 42. Qd1 Bxf6 0-1

[Event "GER-chT U16"]
[Site "Kiel"]
[Date "2022.07.25"]
[Round "6.5"]
[White "Franzky, Julian"]
[Black "Weiss, David"]
[Result "0-1"]
[WhiteElo "1382"]
[BlackElo "1759"]
[PlyCount "48"]
[EventDate "2022.07.22"]
[EventType "team-swiss"]
[EventRounds "7"]
[EventCountry "GER"]
[SourceTitle "CBM 209 Extra"]
[Source "ChessBase"]
[SourceDate "2022.09.30"]
[SourceVersion "1"]
[SourceVersionDate "2022.09.30"]
[SourceQuality "1"]
[WhiteTeam "Tegernsee"]
[BlackTeam "Brombach"]
[WhiteTeamCountry "GER"]
[BlackTeamCountry "GER"]

1. e4 c5 2. Nf3 Nc6 3. c3 e5 4. d4 cxd4 5. cxd4 exd4 6. Nxd4 Nf6 7. f3 Bc5 8. Nb3 Bb6 9. Nc3 0-0 10. Bd3 d5 11. Qe2 dxe4 12. Nxe4 Nxe4 13. Bxe4 Re8 14. Kf1 f5 15. Bd5+ Kh8 16. Qd2 Be3 17. Bxc6 Bxd2 18. Bxe8 Qd3+ 19. Kf2 Qe3+ 20. Kg3 f4+ 21. Kh4 Qe7+ 22. Kh5 Qxe8+ 23. Kg5 Qg6+ 24. Kh4 Qh6# 0-1